| 000 | 01341cam a2200361 i 4500 | ||
|---|---|---|---|
| 001 | 200458963 | ||
| 003 | TR-AnTOB | ||
| 005 | 20250717091918.0 | ||
| 007 | ta | ||
| 008 | 220531s2022 tu ab b 001 0 tur d | ||
| 020 | _a9786256989016 | ||
| 040 |
_aYDX _beng _erda _cDLC _dBDX _dTOH _dOEM _dJBZ _dVVW _dTUL _dZLF _dJPL _dRNL _dUAP _dJQM _dTCH _dCGB _dMNN _dCLE _dTCJ _dUID _dYDX _dP4A _dQGJ _dOCL _dTR-AnTOB |
||
| 041 | 1 |
_atur _heng |
|
| 050 | 0 | 0 |
_aHD78 _b.G3519 2022 |
| 090 |
_aHD78 _b.G3519 2022 |
||
| 100 | 1 |
_aGalor, Oded, _d1953- _eauthor _9144536 |
|
| 240 | 1 | 4 |
_aJourney of humanity : the origins of wealth and inequality. _lTurkish |
| 245 | 1 | 0 |
_aİnsanlığın serüveni : _bzenginliğin ve eşitsizliğin tarihi/ _cOded Galor ; çeviri Mehmet Arif Taşkıran |
| 250 | _a1. Baskı, Kasım 2022 | ||
| 264 | 1 |
_aİstanbul : _bKronik Kitap, _c2022. |
|
| 300 |
_a286 pages : _billustrations, maps ; _c22 cm |
||
| 336 |
_atext _btxt _2rdacontent |
||
| 337 |
_aunmediated _bn _2rdamedia |
||
| 338 |
_avolume _bnc _2rdacarrier |
||
| 490 | 0 |
_aKronik Kitap ; _v349 _aDünya Tarihi ; _v24 |
|
| 504 | _aBIBINDX | ||
| 650 | 7 |
_aEkonomik kalkınma _2etuturkob _99621 |
|
| 650 | 7 |
_aEkonomi tarihi _2etuturkob _9140741 |
|
| 650 | 7 |
_aEşitlik _2etuturkob _944972 |
|
| 700 | 1 |
_aTaşkıran, Arif Mehmet _etranslator _9144540 |
|
| 942 |
_2lcc _cBK |
||
| 999 |
_c200458963 _d77175 |
||